UM Logo

WBG and Si hybrid half-bridge power processing toward optimal efficiency, power quality, and cost tradeoff / (Record no. 19433)

MARC details
000 -LEADER
fixed length control field 01042nam a22002297a 4500
005 - DATE AND TIME OF LATEST TRANSACTION
control field 20250917085855.0
008 - FIXED-LENGTH DATA ELEMENTS--GENERAL INFORMATION
fixed length control field 240228b ||||| |||| 00| 0 eng d
082 ## - DEWEY DECIMAL CLASSIFICATION NUMBER
Classification number DPer 621.317 Ie21 June 2022 v. 37 n. 6
100 ## - MAIN ENTRY--PERSONAL NAME
Personal name Zhang, Chao.
Relator term author.
9 (RLIN) 53664
245 ## - TITLE STATEMENT
Title WBG and Si hybrid half-bridge power processing toward optimal efficiency, power quality, and cost tradeoff /
Statement of responsibility, etc. Chao Zhang, Jun Wang, Kun Qu, Bo Hu, Zongjian Li, Xin Yin, and Z. John Shen.
260 ## - PUBLICATION, DISTRIBUTION, ETC. (IMPRINT)
Place of publication, distribution, etc. New York ;
Name of publisher, distributor, etc. The Institute of Electrical and Electronics Engineers, Inc. ,
Date of publication, distribution, etc. June 2022.
300 ## - PHYSICAL DESCRIPTION
Extent Volume 37, pages 6844-6856 :
Other physical details illustration ;
Dimensions 29 cm.
521 ## - TARGET AUDIENCE NOTE
Target audience note IEEE Transactions on Power Electronics, vol. 37, no. 6, pages 6844-6856, June 2022.
700 ## - ADDED ENTRY--PERSONAL NAME
Personal name Zhang, Chao.
Relator term author.
9 (RLIN) 53664
700 ## - ADDED ENTRY--PERSONAL NAME
Personal name Wang, Jun.
Relator term author.
9 (RLIN) 53665
700 ## - ADDED ENTRY--PERSONAL NAME
Personal name Qu, Kun.
Relator term author.
9 (RLIN) 53666
700 ## - ADDED ENTRY--PERSONAL NAME
Personal name Hu, Bo.
Relator term author.
9 (RLIN) 53667
700 ## - ADDED ENTRY--PERSONAL NAME
Personal name Li, Zongjian.
Relator term author.
9 (RLIN) 53668
700 ## - ADDED ENTRY--PERSONAL NAME
Personal name Yin, Xin.
Relator term author.
9 (RLIN) 53669
700 ## - ADDED ENTRY--PERSONAL NAME
Personal name Shen, Z. John.
Relator term author.
9 (RLIN) 53670
942 ## - ADDED ENTRY ELEMENTS (KOHA)
Source of classification or shelving scheme Dewey Decimal Classification
Koha item type Periodicals
Holdings
Withdrawn status Lost status Source of classification or shelving scheme Damaged status Not for loan Collection code Home library Current library Date acquired Total Checkouts Full call number Date last seen Price effective from Koha item type Public note
    Dewey Decimal Classification     Periodicals UM Digos College - LIC UM Digos College - LIC 02/28/2024   DPer 621.317 Ie21 June 2022 v.37 n. 6 02/28/2024 02/28/2024 Periodicals Periodical Article